000 00498nam a22001697a 4500
003 BD-DhUL
005 20170417180816.0
008 170417s1970 n ||||| |||| 00| 0 eng d
040 _aBD-DhUL
_cBD-DhUL
082 _a385.3105
_bUNA
110 2 _aUnited Nations
245 1 0 _aAnnual bulletin of transport statistics for Europe 1969 :
_cUnited Nations
_bVol 21, tom 21 /
260 _aNew York :
_bUnited Nations,
_c1970.
300 _av. ;
_c28 cm.
650 0 _aFacilities
942 _2ddc
_cREF
999 _c183783
_d183783